The ground of growth : (Record no. 5957)

MARC details
000 -LEADER
fixed length control field 00834pam a2200277 i 4500
001 - CONTROL NUMBER
control field 22452
003 - CONTROL NUMBER IDENTIFIER
control field GBCCL
005 - DATE AND TIME OF LATEST TRANSACTION
control field 20241126110553.0
008 - FIXED-LENGTH DATA ELEMENTS--GENERAL INFORMATION
fixed length control field 760716s1976 miu 000 0 eng
010 ## -
-- 76026154
035 ## - SYSTEM CONTROL NUMBER
System control number (OCoLC)02373244
040 ## - CATALOGING SOURCE
Original cataloging agency DLC
Transcribing agency DLC
049 ## -
-- LBBK
050 0# -
-- BV4501.2
-- .S7173
082 ## - DEWEY DECIMAL CLASSIFICATION NUMBER
Classification number 248
Item number STA
092 ## - LOCALLY ASSIGNED DEWEY CALL NUMBER (OCLC)
Classification number 248.4
Item number S785g
100 1# - MAIN ENTRY--PERSONAL NAME
Personal name Stanford, Miles J.
9 (RLIN) 10769
245 14 - TITLE STATEMENT
Title The ground of growth :
Remainder of title the Christian's relationship to the cross and the risen Christ /
Statement of responsibility, etc. Miles J. Stanford.
260 ## - PUBLICATION, DISTRIBUTION, ETC.
Place of publication, distribution, etc. Grand Rapids :
Name of publisher, distributor, etc. Zondervan Publishing House,
Date of publication, distribution, etc. c1976.
300 ## - PHYSICAL DESCRIPTION
Extent 92 p. ;
Dimensions 18 cm.
440 ## - SERIES STATEMENT/ADDED ENTRY--TITLE
Title Green Letters
9 (RLIN) 10771
650 #0 - SUBJECT ADDED ENTRY--TOPICAL TERM
Topical term or geographic name entry element Christian life.
9 (RLIN) 183
650 #0 - SUBJECT ADDED ENTRY--TOPICAL TERM
Topical term or geographic name entry element Redemption.
9 (RLIN) 7581
800 1# -
-- Stanford, Miles J.
-- The "green letters" series.
-- 10770
942 ## - ADDED ENTRY ELEMENTS (KOHA)
Source of classification or shelving scheme Dewey Decimal Classification
Koha item type Books
Holdings
Withdrawn status Lost status Source of classification or shelving scheme Damaged status Not for loan Home library Current Library Shelving location Date acquired Total checkouts Full call number Barcode Date last seen Copy number Price effective from Koha item type
    Dewey Decimal Classification     GRACE BIBLE COLLEGE GRACE BIBLE COLLEGE Ministry & Mission 2018-04-18   248 STA 002014 2025-05-01 c.1 2018-04-18 Books
© Grace Bible College Library 2025